Semicalssical theory of shape resonances in quantum mechanics

Saved in:
Bibliographic Details
Main Author: Hislop, P. D. 1955-
Other Authors: Sigal, Israel Michael 1945-
Format: Book
Language:English
Published: Rhode island : American Mathematical Society, 1989
Series:Memoirs of the American Mathematical Society ; ; 399
Subjects:
Tags: Add Tag
No Tags, Be the first to tag this record!

MARC

LEADER 00000nam a2200000 i 4500
001 1/63888
008 960328s1989 eng d
020 |a 0-8218-2462-7 
035 |a 1994  |l 10046867 
040 |a GR-MY-UA  |b gre  |e aacr 
041 0 |a eng 
082 0 |a 530.12 
100 1 |a Hislop, P. D.  |d 1955- 
245 1 0 |a Semicalssical theory of shape resonances in quantum mechanics /  |c P.D. Hislop and I.M. Sigal 
260 |a Rhode island :   |b American Mathematical Society,   |c 1989 
300 |a 123 σ.;  |c 25 εκ. 
490 1 |a Memoirs of the American Mathematical Society  |v ; 399 
504 |a Περιέχει βιβλιογραφικές αναφορές 
650 0 0 |a Schrodinger operator. 
650 0 0 |a Resonance. 
650 0 0 |a Quantum theory. 
700 1 |a Sigal, Israel Michael  |d 1945- 
830 0 |a Memoirs of the American Mathematical Society ;  |v ; 399 
852 |a INST  |b SAMOS  |e 19960328  |h 530.12 HIS  |p 005300009983  |q 005300009983  |t BK  |y 0 
909 |a Σ  |b 033714